000 00653nam a2200253Ia 4500
003 OSt
005 20221005085734.0
006 a|||||r|||| 00| 0
007 ta
008 221004b |||||||| |||| 00| 0 eng d
024 _a46561
037 _cTextual
040 _aCRL
_cCRL
_beng
041 _2eng
_aeng
082 _aO111,6xK, K5
100 _aKazin Alfred
245 0 _aOpen form
_b Essays for our time
250 _a2nd
260 _aNew York
_bharcourt Brace & World USA
_c1965
300 _a397p.
_ccm.
650 _aENGLISH LITERATURE
942 _hO111,6xK, K5
_cTEXL
_2cc
999 _c994726
_d994726